{"text_format":"3","workbook":"xlsx","n_sheets":1,"sheets":["t50"],"read":"whole","date_system":"1900"}

{"sheet":"t50","index":0,"n_rows":188,"n_cols":7,"rows_kept":188,"merged":[[0,0,0,6],[28,0,28,5],[46,0,46,5],[152,0,152,5]]}
["TABELA 50.1 - Estatísticas Agrícolas, Município de Avaí, Estado de São Paulo, 2016/17."]
["ITEM","UNIDADE","N.DE UPAs","MÍNIMO","MÉDIO","MÁXIMO","TOTAL"]
["Distância à sede do município","km",403,0.1,{"v":13.76,"d":"13.8"},{"v":45,"d":"45.0"},"-"]
["Área total","hectare",403,{"v":2,"d":"2.0"},{"v":126.12,"d":"126.1"},{"v":2193,"d":"2,193.0"},{"v":50824.69,"d":"50,824.7"}]
["Área com cultura perene","hectare",35,0.3,{"v":78.87,"d":"78.9"},{"v":650,"d":"650.0"},{"v":2760.3,"d":"2,760.3"}]
["Área com cultura temporária","hectare",145,0.1,{"v":31.74,"d":"31.7"},{"v":850,"d":"850.0"},{"v":4603,"d":"4,603.0"}]
["Área com pastagem","hectare",371,0.3,{"v":74.32,"d":"74.3"},{"v":1726.6,"d":"1,726.6"},{"v":27574.3,"d":"27,574.3"}]
["Área com reflorestamento","hectare",71,0.5,{"v":125.03,"d":"125.0"},{"v":1303.3,"d":"1,303.3"},{"v":8877.4,"d":"8,877.4"}]
["Área com vegetação natural","hectare",271,0.2,20.1,632.7,{"v":5447.8,"d":"5,447.8"}]
["Área com vegetação de brejo e várzea","hectare",147,0.1,{"v":5.89,"d":"5.9"},{"v":50,"d":"50.0"},{"v":866.36,"d":"866.4"}]
["Área em descanso","hectare",16,0.5,{"v":3.38,"d":"3.4"},24.2,{"v":54,"d":"54.0"}]
["Área complementar","hectare",277,{"v":0.03,"d":"0.0"},{"v":2.32,"d":"2.3"},{"v":100,"d":"100.0"},{"v":641.53,"d":"641.5"}]
["Área das UPAs com (0, 1] ha","hectare","-","-","-","-","-"]
["Área das UPAs com (1, 2] ha","hectare",2,{"v":2,"d":"2.0"},{"v":2,"d":"2.0"},{"v":2,"d":"2.0"},{"v":4,"d":"4.0"}]
["Área das UPAs com (2, 5] ha","hectare",40,2.1,{"v":3.59,"d":"3.6"},4.9,{"v":143.71,"d":"143.7"}]
["Área das UPAs com (5, 10] ha","hectare",35,5.1,{"v":7.41,"d":"7.4"},9.9,{"v":259.26,"d":"259.3"}]
["Área das UPAs com (10, 20] ha","hectare",88,{"v":10.28,"d":"10.3"},{"v":15.66,"d":"15.7"},{"v":20,"d":"20.0"},{"v":1378.21,"d":"1,378.2"}]
["Área das UPAs com (20, 50] ha","hectare",79,{"v":20.33,"d":"20.3"},{"v":32.22,"d":"32.2"},48.9,{"v":2545.21,"d":"2,545.2"}]
["Área das UPAs com (50, 100] ha","hectare",44,50.7,{"v":73.91,"d":"73.9"},99.6,{"v":3251.96,"d":"3,252.0"}]
["Área das UPAs com (100, 200] ha","hectare",49,101.6,148.3,193.8,{"v":7266.64,"d":"7,266.6"}]
["Área das UPAs com (200, 500] ha","hectare",44,203.2,{"v":299.86,"d":"299.9"},{"v":495,"d":"495.0"},{"v":13194.05,"d":"13,194.1"}]
["Área das UPAs com (500, 1.000] ha","hectare",14,{"v":511.63,"d":"511.6"},{"v":655.68,"d":"655.7"},{"v":960.78,"d":"960.8"},{"v":9179.51,"d":"9,179.5"}]
["Área das UPAs com (1.000, 2.000] ha","hectare",6,{"v":1124,"d":"1,124.0"},{"v":1556.47,"d":"1,556.5"},{"v":1930.3,"d":"1,930.3"},{"v":9338.84,"d":"9,338.8"}]
["Área das UPAs com (2.000, 5.000] ha","hectare",2,{"v":2070.3,"d":"2,070.3"},{"v":2131.65,"d":"2,131.7"},{"v":2193,"d":"2,193.0"},{"v":4263.3,"d":"4,263.3"}]
["Área das UPAs com (5.000, 10.000] ha","hectare","-","-","-","-","-"]
["Área das UPAs acima de 10.000 ha","hectare","-","-","-","-","-"]
["Fonte: Secretaria de Agricultura e Abastecimento, CDRS/IEA, Projeto LUPA."]
[]
["TABELA 50.2 - Explorações Animais, Município de Avaí, Estado de São Paulo, 2016/17."]
["ITEM","UNIDADE","N.DE UPAs","MÍNIMO","MÉDIO","MÁXIMO","TOTAL"]
["Asininos e muares","cabecas",8,{"v":1,"d":"1.0"},{"v":7.75,"d":"7.8"},{"v":25,"d":"25.0"},{"v":62,"d":"62.0"}]
["Avicultura de corte","cabecas/ano",1,{"v":150,"d":"150.0"},{"v":150,"d":"150.0"},{"v":150,"d":"150.0"},{"v":150,"d":"150.0"}]
["Avicultura para ovos","cabecas",7,{"v":30,"d":"30.0"},{"v":62.86,"d":"62.9"},{"v":200,"d":"200.0"},{"v":440,"d":"440.0"}]
["Bovinocultura de corte","cabecas",145,{"v":3,"d":"3.0"},{"v":248.74,"d":"248.7"},{"v":6200,"d":"6,200.0"},{"v":36068,"d":"36,068.0"}]
["Bovinocultura leiteira","cabecas",36,{"v":2,"d":"2.0"},{"v":43.39,"d":"43.4"},{"v":350,"d":"350.0"},{"v":1562,"d":"1,562.0"}]
["Bovinocultura mista","cabecas",82,{"v":1,"d":"1.0"},{"v":42.43,"d":"42.4"},{"v":200,"d":"200.0"},{"v":3479,"d":"3,479.0"}]
["Bubalinocultura","cabecas",1,{"v":1,"d":"1.0"},{"v":1,"d":"1.0"},{"v":1,"d":"1.0"},{"v":1,"d":"1.0"}]
["Caprinocultura","cabecas",8,{"v":2,"d":"2.0"},{"v":55.38,"d":"55.4"},{"v":200,"d":"200.0"},{"v":443,"d":"443.0"}]
["Cunicultura","cabecas",1,{"v":2,"d":"2.0"},{"v":2,"d":"2.0"},{"v":2,"d":"2.0"},{"v":2,"d":"2.0"}]
["Equinocultura","cabecas",150,{"v":1,"d":"1.0"},{"v":5.45,"d":"5.5"},{"v":60,"d":"60.0"},{"v":817,"d":"817.0"}]
["Minhocultura","canteiros",1,{"v":2,"d":"2.0"},{"v":2,"d":"2.0"},{"v":2,"d":"2.0"},{"v":2,"d":"2.0"}]
["Ovinocultura","cabecas",9,{"v":10,"d":"10.0"},{"v":23,"d":"23.0"},{"v":35,"d":"35.0"},{"v":207,"d":"207.0"}]
["Piscicultura","m2 tanques",2,{"v":20,"d":"20.0"},{"v":960,"d":"960.0"},{"v":1900,"d":"1,900.0"},{"v":1920,"d":"1,920.0"}]
["Suinocultura","cabecas",16,{"v":3,"d":"3.0"},{"v":20,"d":"20.0"},{"v":100,"d":"100.0"},{"v":320,"d":"320.0"}]
["Fonte: Secretaria de Agricultura e Abastecimento, CDRS/IEA, Projeto LUPA."]
[]
["TABELA 50.3 -  Máquinas, Implementos e Benfeitorias, Município de Avaí, Estado de São Paulo, 2016/17."]
["ITEM","UNIDADE","N.DE UPAs","MÍNIMO","MÉDIO","MÁXIMO","TOTAL"]
["Arado comum (bacia, aiveca)","unidade",86,{"v":1,"d":"1.0"},{"v":1.26,"d":"1.3"},{"v":5,"d":"5.0"},{"v":108,"d":"108.0"}]
["Arado escarificador","unidade",18,{"v":1,"d":"1.0"},{"v":1.28,"d":"1.3"},{"v":3,"d":"3.0"},{"v":23,"d":"23.0"}]
["Arado subsolador","unidade",5,{"v":1,"d":"1.0"},{"v":1,"d":"1.0"},{"v":1,"d":"1.0"},{"v":5,"d":"5.0"}]
["Batedeira de cereais","unidade",3,{"v":1,"d":"1.0"},{"v":1,"d":"1.0"},{"v":1,"d":"1.0"},{"v":3,"d":"3.0"}]
["Carregadeira de cana","unidade",5,{"v":1,"d":"1.0"},3.2,{"v":8,"d":"8.0"},{"v":16,"d":"16.0"}]
["Carreta de trator","unidade",6,{"v":1,"d":"1.0"},1.5,{"v":2,"d":"2.0"},{"v":9,"d":"9.0"}]
["Colhedeira acoplada","unidade",1,{"v":1,"d":"1.0"},{"v":1,"d":"1.0"},{"v":1,"d":"1.0"},{"v":1,"d":"1.0"}]
["Computador","unidade",1,{"v":3,"d":"3.0"},{"v":3,"d":"3.0"},{"v":3,"d":"3.0"},{"v":3,"d":"3.0"}]
["Conj.irrigacao convencional","unidade",4,{"v":1,"d":"1.0"},{"v":1,"d":"1.0"},{"v":1,"d":"1.0"},{"v":4,"d":"4.0"}]
["Conj.irrigacao/gotejamento/microaspersao","unidade",5,{"v":1,"d":"1.0"},2.2,{"v":5,"d":"5.0"},{"v":11,"d":"11.0"}]
["Conjunto de fenacao","unidade",2,{"v":1,"d":"1.0"},{"v":2,"d":"2.0"},{"v":3,"d":"3.0"},{"v":4,"d":"4.0"}]
["Desintegrador, picador, triturador","unidade",57,{"v":1,"d":"1.0"},{"v":1.25,"d":"1.3"},{"v":5,"d":"5.0"},{"v":71,"d":"71.0"}]
["Distribuidor de calcario","unidade",15,{"v":1,"d":"1.0"},1.2,{"v":2,"d":"2.0"},{"v":18,"d":"18.0"}]
["Ensiladeira","unidade",6,{"v":1,"d":"1.0"},1.5,{"v":3,"d":"3.0"},{"v":9,"d":"9.0"}]
["Grade aradora (tipo romi)","unidade",39,{"v":1,"d":"1.0"},{"v":1.31,"d":"1.3"},{"v":6,"d":"6.0"},{"v":51,"d":"51.0"}]
["Grade niveladora","unidade",72,{"v":1,"d":"1.0"},{"v":1.18,"d":"1.2"},{"v":4,"d":"4.0"},{"v":85,"d":"85.0"}]
["Implementos para tracao animal","unidade",1,{"v":5,"d":"5.0"},{"v":5,"d":"5.0"},{"v":5,"d":"5.0"},{"v":5,"d":"5.0"}]
["Misturador de racao","unidade",4,{"v":1,"d":"1.0"},{"v":1,"d":"1.0"},{"v":1,"d":"1.0"},{"v":4,"d":"4.0"}]
["Mmicrotrator","unidade",5,{"v":1,"d":"1.0"},{"v":1,"d":"1.0"},{"v":1,"d":"1.0"},{"v":5,"d":"5.0"}]
["Ordenhadeira mecanica","unidade",4,{"v":1,"d":"1.0"},{"v":1.25,"d":"1.3"},{"v":2,"d":"2.0"},{"v":5,"d":"5.0"}]
["Pulverizador tratorizado","unidade",19,{"v":1,"d":"1.0"},{"v":2,"d":"2.0"},{"v":12,"d":"12.0"},{"v":38,"d":"38.0"}]
["Resfriador de leite, tanque expansao","unidade",7,{"v":1,"d":"1.0"},{"v":1.14,"d":"1.1"},{"v":2,"d":"2.0"},{"v":8,"d":"8.0"}]
["Roçadeira costal","unidade",1,{"v":1,"d":"1.0"},{"v":1,"d":"1.0"},{"v":1,"d":"1.0"},{"v":1,"d":"1.0"}]
["Roçadeira tratorizada","unidade",5,{"v":1,"d":"1.0"},1.4,{"v":2,"d":"2.0"},{"v":7,"d":"7.0"}]
["Roçadora","unidade",8,{"v":1,"d":"1.0"},{"v":1.38,"d":"1.4"},{"v":2,"d":"2.0"},{"v":11,"d":"11.0"}]
["Semeadeira/adubadeira para plantio convencional","unidade",11,{"v":1,"d":"1.0"},{"v":1.18,"d":"1.2"},{"v":2,"d":"2.0"},{"v":13,"d":"13.0"}]
["Terraceador","unidade",1,{"v":1,"d":"1.0"},{"v":1,"d":"1.0"},{"v":1,"d":"1.0"},{"v":1,"d":"1.0"}]
["Trator de esteiras","unidade",1,{"v":1,"d":"1.0"},{"v":1,"d":"1.0"},{"v":1,"d":"1.0"},{"v":1,"d":"1.0"}]
["Trator de pneus  acima de 85 cv","unidade",27,{"v":1,"d":"1.0"},{"v":1.37,"d":"1.4"},{"v":4,"d":"4.0"},{"v":37,"d":"37.0"}]
["Trator de pneus até 65 cv","unidade",8,{"v":1,"d":"1.0"},{"v":1.13,"d":"1.1"},{"v":2,"d":"2.0"},{"v":9,"d":"9.0"}]
["Trator de pneus de 66 cv a 85 cv","unidade",104,{"v":1,"d":"1.0"},{"v":1.68,"d":"1.7"},{"v":12,"d":"12.0"},{"v":175,"d":"175.0"}]
["Acude/represa","unidade",69,{"v":1,"d":"1.0"},{"v":1.83,"d":"1.8"},{"v":8,"d":"8.0"},{"v":126,"d":"126.0"}]
["Almoxarifado/oficina","unidade",12,{"v":1,"d":"1.0"},{"v":1.33,"d":"1.3"},{"v":3,"d":"3.0"},{"v":16,"d":"16.0"}]
["Armazem para graos ensacados","sacas",1]
["Balanca para bovinos","unidade",8,{"v":1,"d":"1.0"},{"v":1,"d":"1.0"},{"v":1,"d":"1.0"},{"v":8,"d":"8.0"}]
["Barracao para bicho da seda/sirgaria","unidade",5,{"v":1,"d":"1.0"},1.6,{"v":3,"d":"3.0"},{"v":8,"d":"8.0"}]
["Barracao para granja/avicultura","unidade",3,{"v":1,"d":"1.0"},{"v":1,"d":"1.0"},{"v":1,"d":"1.0"},{"v":3,"d":"3.0"}]
["Barracao/galpao/garagem","unidade",133,{"v":1,"d":"1.0"},{"v":1.22,"d":"1.2"},{"v":6,"d":"6.0"},{"v":162,"d":"162.0"}]
["Casa de moradia habitada","unidade",258,{"v":1,"d":"1.0"},{"v":2.14,"d":"2.1"},{"v":145,"d":"145.0"},{"v":553,"d":"553.0"}]
["Casa de moradia total","unidade",319,{"v":1,"d":"1.0"},{"v":2.54,"d":"2.5"},{"v":150,"d":"150.0"},{"v":810,"d":"810.0"}]
["Curral/mangueira","unidade",212,{"v":1,"d":"1.0"},{"v":1.04,"d":"1.0"},{"v":3,"d":"3.0"},{"v":220,"d":"220.0"}]
["Deposito/tulha","unidade",25,{"v":1,"d":"1.0"},{"v":1.12,"d":"1.1"},{"v":3,"d":"3.0"},{"v":28,"d":"28.0"}]
["Estabulo","unidade",7,{"v":1,"d":"1.0"},{"v":1.86,"d":"1.9"},{"v":6,"d":"6.0"},{"v":13,"d":"13.0"}]
["Estufa/plasticultura","m2",56]
["Fabrica de racao","unidade",1,{"v":1,"d":"1.0"},{"v":1,"d":"1.0"},{"v":1,"d":"1.0"},{"v":1,"d":"1.0"}]
["Instalacoes para equinos","unidade",5,{"v":1,"d":"1.0"},{"v":1,"d":"1.0"},{"v":1,"d":"1.0"},{"v":5,"d":"5.0"}]
["Pocilga","unidade",5,{"v":1,"d":"1.0"},{"v":1,"d":"1.0"},{"v":1,"d":"1.0"},{"v":5,"d":"5.0"}]
["Poco semi-artesiano","unidade",155,{"v":1,"d":"1.0"},{"v":1.09,"d":"1.1"},{"v":4,"d":"4.0"},{"v":169,"d":"169.0"}]
["Silo para silagem","ton",1]
["Terreiro","m2",5]
["Fonte: Secretaria de Agricultura e Abastecimento, CDRS/IEA, Projeto LUPA."]
[]
["TABELA 50.4 - Outras Estatísticas Agrícolas, Município de Avaí, Estado de São Paulo, 2016/17."]
["ITEM","Número de UPAs",null,"Percentual"]
["Faz Parte de Associação de Produtores",24,null,{"v":5.955334987593052,"d":"6.0"}]
["Faz Parte de Cooperativa de Produtores",26,null,{"v":6.451612903225807,"d":"6.5"}]
["Faz Parte do Sindicato de Produtores",23,null,{"v":5.707196029776675,"d":"5.7"}]
["Não utiliza assistência técnica ",325,null,{"v":80.64516129032258,"d":"80.6"}]
["Utiliza somente assistência técnica governamental ",14,null,{"v":3.4739454094292803,"d":"3.5"}]
["Utiliza somente assistência técnica privada ",56,null,{"v":13.895781637717121,"d":"13.9"}]
["Utiliza assistência técnica tanto governamental quanto privada",8,null,{"v":1.9851116625310177,"d":"2.0"}]
["Utiliza Crédito Rural",74,null,{"v":18.36228287841191,"d":"18.4"}]
["Utiliza Seguro Rural",20,null,{"v":4.962779156327544,"d":"5.0"}]
["Utiliza Escrituração Agrícola",340,null,{"v":84.36724565756823,"d":"84.4"}]
["Acessa Internet p/ Fins na Agropecuária",43,null,{"v":10.669975186104217,"d":"10.7"}]
["Utiliza Computador nas Atividades Agropecuárias",40,null,{"v":9.925558312655088,"d":"9.9"}]
["Utiliza Energia Elétrica Para Uso na Atividade Agrícola",360,null,{"v":89.33002481389578,"d":"89.3"}]
["Utiliza Energia Alternativa",3,null,{"v":0.7444168734491315,"d":"0.7"}]
["Realiza Análise de Solo, quando necessário",205,null,{"v":50.868486352357316,"d":"50.9"}]
["Realiza Calagem",46,null,{"v":11.41439205955335,"d":"11.4"}]
["Utiliza Práticas de Conservação de Solo, quando necessário",251,null,{"v":62.28287841191067,"d":"62.3"}]
["Faz Adubação Mineral, quando necessário",170,null,{"v":42.18362282878412,"d":"42.2"}]
["Faz Adubação Orgânica, quando necessário",112,null,{"v":27.79156327543424,"d":"27.8"}]
["Faz Adubação Verde, quando necessário",21,null,{"v":5.2109181141439205,"d":"5.2"}]
["Utiliza Manejo Integrado de Pragas (MIP)",5,null,{"v":1.2406947890818858,"d":"1.2"}]
["Utiliza Hidroponia","-",null,"-"]
["Utiliza Cultivo em Estufa",66,null,{"v":16.377171215880892,"d":"16.4"}]
["Utiliza Mudas Fiscalizadas",77,null,{"v":19.10669975186104,"d":"19.1"}]
["Utiliza Semente Melhorada",30,null,{"v":7.444168734491314,"d":"7.4"}]
["Faz Confinamento de Bovinos",11,null,{"v":2.729528535980149,"d":"2.7"}]
["Utiliza Pastejo Intensivo",105,null,{"v":26.0545905707196,"d":"26.1"}]
["Faz Inseminação Artificial",9,null,{"v":2.2332506203473943,"d":"2.2"}]
["Faz Mineralização do Rebanho",222,null,{"v":55.08684863523573,"d":"55.1"}]
["Faz Vermifugação do Rebanho",226,null,{"v":56.079404466501245,"d":"56.1"}]
["Possui Parceiros /Arrendatários na Exploração Animal",38,null,{"v":9.429280397022334,"d":"9.4"}]
["Existência de trabalhadores c/ deficiência na UPA","-",null,"-"]
["Esporte e lazer","-",null,"-"]
["Extração mineral","-",null,"-"]
["Hotel Fazenda, Pousada ou SPA","-",null,"-"]
["Pesque-pague","-",null,"-"]
["Restaurante ou Lanchonete",1,null,{"v":0.2481389578163772,"d":"0.2"}]
["Transformação artesanal","-",null,"-"]
["Turismo rural ou ecoturismo","-",null,"-"]
["Outras atividades econômicas rurais",1,null,{"v":0.2481389578163772,"d":"0.2"}]
["Agroindústria","-",null,"-"]
["Proprietário sem instrução ou com instrução incompleta",3,null,{"v":0.7444168734491315,"d":"0.7"}]
["Proprietário com antigo primário completo",88,null,{"v":21.836228287841188,"d":"21.8"}]
["Proprietário com 1° grau (ou antigo ginasial) completo",53,null,{"v":13.15136476426799,"d":"13.2"}]
["Proprietário com 2° grau (ou antigo colegial) completo",118,null,{"v":29.280397022332508,"d":"29.3"}]
["Proprietário com curso superior completo ",129,null,{"v":32.00992555831265,"d":"32.0"}]
["Pessoa Jurídica",12,null,{"v":2.977667493796526,"d":"3.0"}]
["Proprietário residente na própria UPA ",111,null,{"v":27.543424317617866,"d":"27.5"}]
["Fonte: Secretaria de Agricultura e Abastecimento, CDRS/IEA, Projeto LUPA."]
[]
["TABELA 50.5 - Área Cultivada, Município de Avaí, Estado de São Paulo, 2016/17."]
["CULTURA","N.DE UPAs","MÍNIMO","MÉDIO","MÁXIMO","TOTAL"]
["Braquiaria",369,0.3,{"v":74.25,"d":"74.3"},{"v":1617.6,"d":"1,617.6"},{"v":27398.6,"d":"27,398.6"}]
["Eucalipto",70,0.5,{"v":126.63,"d":"126.6"},{"v":1303.3,"d":"1,303.3"},{"v":8863.9,"d":"8,863.9"}]
["Cana-de-acucar finalidade industria",14,3.5,{"v":194.99,"d":"195.0"},{"v":720,"d":"720.0"},{"v":2729.8,"d":"2,729.8"}]
["Laranja Industria",13,{"v":25,"d":"25.0"},{"v":147.62,"d":"147.6"},{"v":650,"d":"650.0"},{"v":1919,"d":"1,919.0"}]
["Cana-de-acucar outras finalidades",62,0.5,{"v":19.86,"d":"19.9"},{"v":850,"d":"850.0"},{"v":1231.4,"d":"1,231.4"}]
["Laranja Mercado",9,0.3,{"v":42.12,"d":"42.1"},{"v":97,"d":"97.0"},379.1]
["Milho safra",23,0.5,{"v":14.84,"d":"14.8"},{"v":85,"d":"85.0"},341.4]
["Seringueira",4,3.5,81.8,{"v":212,"d":"212.0"},327.2]
["Coloniao",2,{"v":40,"d":"40.0"},74.5,{"v":109,"d":"109.0"},{"v":149,"d":"149.0"}]
["Abacaxi (ou ananas)",1,{"v":100,"d":"100.0"},{"v":100,"d":"100.0"},{"v":100,"d":"100.0"},{"v":100,"d":"100.0"}]
["Mandioca",4,0.5,{"v":21.23,"d":"21.2"},{"v":70,"d":"70.0"},84.9]
["Cafe",7,2.4,{"v":9.71,"d":"9.7"},{"v":30,"d":"30.0"},{"v":68,"d":"68.0"}]
["Coco-da-baia",2,1.2,24.6,{"v":48,"d":"48.0"},49.2]
["Melancia",2,{"v":5,"d":"5.0"},17.5,{"v":30,"d":"30.0"},{"v":35,"d":"35.0"}]
["Outras olericolas",1,{"v":30,"d":"30.0"},{"v":30,"d":"30.0"},{"v":30,"d":"30.0"},{"v":30,"d":"30.0"}]
["Gramas",3,{"v":5,"d":"5.0"},{"v":8.57,"d":"8.6"},12.7,25.7]
["Milho-silagem",1,21.1,21.1,21.1,21.1]
["Pimentao",54,0.1,{"v":0.28,"d":"0.3"},0.9,15.2]
["Outras florestais",2,0.5,{"v":6.25,"d":"6.3"},{"v":12,"d":"12.0"},12.5]
["Lichia",1,{"v":10,"d":"10.0"},{"v":10,"d":"10.0"},{"v":10,"d":"10.0"},{"v":10,"d":"10.0"}]
["Batata-doce",1,{"v":6,"d":"6.0"},{"v":6,"d":"6.0"},{"v":6,"d":"6.0"},{"v":6,"d":"6.0"}]
["Abobora (ou jerimum)",3,0.1,1.8,4.8,5.4]
["Amora (ou amora-branca)",1,4.8,4.8,4.8,4.8]
["Tangerina",1,{"v":3,"d":"3.0"},{"v":3,"d":"3.0"},{"v":3,"d":"3.0"},{"v":3,"d":"3.0"}]
["Tomate envarado",6,0.1,{"v":0.17,"d":"0.2"},0.3,{"v":1,"d":"1.0"}]
["Pinus",1,{"v":1,"d":"1.0"},{"v":1,"d":"1.0"},{"v":1,"d":"1.0"},{"v":1,"d":"1.0"}]
["Mamao",1,{"v":1,"d":"1.0"},{"v":1,"d":"1.0"},{"v":1,"d":"1.0"},{"v":1,"d":"1.0"}]
["Capim-napier (ou capim-elefante)",1,{"v":1,"d":"1.0"},{"v":1,"d":"1.0"},{"v":1,"d":"1.0"},{"v":1,"d":"1.0"}]
["Pepino",5,0.1,{"v":0.12,"d":"0.1"},0.2,0.6]
["Maracuja",1,0.4,0.4,0.4,0.4]
["Alface",1,0.1,0.1,0.1,0.1]
["Pimenta",1,0.1,0.1,0.1,0.1]
["Berinjela",1,0.1,0.1,0.1,0.1]
["Fonte: Secretaria de Agricultura e Abastecimento, CDRS/IEA, Projeto LUPA."]